000 00508nam a2200181Ia 4500
008 090123s9999 xx 000 0 und d
082 _b13564
_a891.463/परांडे
100 _aपरांडे उषा
245 _aदुर्गा
250 _a1
260 _bआरती प्रकाशन
300 _a131
600 _aपरांडे उषा
630 _aदुर्गा
700 _aपरांडे उषा
730 _aदुर्गा
942 _cBOOK
999 _c51627
_d51627